Hemispheres. (Record no. 51204)

MARC details
000 -LEADER
fixed length control field 01742cam a2200373 a 4500
001 - CONTROL NUMBER
control field vtls003113752
003 - CONTROL NUMBER IDENTIFIER
control field MY-SjTCS
005 - DATE AND TIME OF LATEST TRANSACTION
control field 20200306164847.0
008 - FIXED-LENGTH DATA ELEMENTS--GENERAL INFORMATION
fixed length control field 110218s2008 nyua 000 0 eng d
020 ## - INTERNATIONAL STANDARD BOOK NUMBER
International Standard Book Number 9780071264457 (Student's bk. : pbk.)
020 ## - INTERNATIONAL STANDARD BOOK NUMBER
International Standard Book Number 0071264450 (Student's bk. : pbk.)
020 ## - INTERNATIONAL STANDARD BOOK NUMBER
International Standard Book Number 9780071264419 (Workbook : pbk.)
020 ## - INTERNATIONAL STANDARD BOOK NUMBER
International Standard Book Number 0071264418 (Workbook : pbk.)
020 ## - INTERNATIONAL STANDARD BOOK NUMBER
International Standard Book Number 9780071264518 (Teacher's Manual : pbk.)
020 ## - INTERNATIONAL STANDARD BOOK NUMBER
International Standard Book Number 0071264515 (Teacher's Manual : pbk.)
020 ## - INTERNATIONAL STANDARD BOOK NUMBER
International Standard Book Number 9780073213057 (Student CD with Audio Highlights)
020 ## - INTERNATIONAL STANDARD BOOK NUMBER
International Standard Book Number 0073213055 (Student CD with Audio Highlights)
039 #9 - LEVEL OF BIBLIOGRAPHIC CONTROL AND CODING DETAIL [OBSOLETE]
Level of rules in bibliographic description 201102181634
Level of effort used to assign nonsubject heading access points VLOAD
Level of effort used to assign subject headings 201102181235
Level of effort used to assign classification VLOAD
Level of effort used to assign subject headings 201102181225
Level of effort used to assign classification VLOAD
Level of effort used to assign subject headings 201102181225
Level of effort used to assign classification VLOAD
-- 200806261342
-- malathy
082 04 - DEWEY DECIMAL CLASSIFICATION NUMBER
Classification number 428.24
Item number CAM
100 1# - MAIN ENTRY--PERSONAL NAME
Personal name Cameron, Scott.
9 (RLIN) 255594
245 10 - TITLE STATEMENT
Title Hemispheres.
Number of part/section of a work 3 :
Remainder of title Student's book /
Statement of responsibility, etc. Scott Cameron, Susan Iannuzzi and Mary Ann Maynard.
260 ## - PUBLICATION, DISTRIBUTION, ETC.
Place of publication, distribution, etc. New York :
Name of publisher, distributor, etc. McGraw-Hill,
Date of publication, distribution, etc. c2008.
300 ## - PHYSICAL DESCRIPTION
Extent xiii, 152 p. :
Other physical details col. ill. ;
Dimensions 28 cm. +
Accompanying material Student CD with Audio Highlights (4 3/4 in.)
525 ## - SUPPLEMENT NOTE
Supplement note Accompanied by: Hemispheres. 3 : Workbook / Kristin Johannsen (v, 74 p. ill. ; 28 cm.), c2008.
525 ## - SUPPLEMENT NOTE
Supplement note Accompanied by: Hemispheres. 3 : Teacher's Manual / Scott Cameron, Susan Iannuzzi and Mary Ann Maynard (ix, 132 p. ill. ; 28 cm.)
650 #0 - SUBJECT ADDED ENTRY--TOPICAL TERM
Topical term or geographic name entry element English language
Form subdivision Textbooks for foreign speakers.
9 (RLIN) 10818
650 #0 - SUBJECT ADDED ENTRY--TOPICAL TERM
Topical term or geographic name entry element English language
Form subdivision Problems, exercises, etc.
9 (RLIN) 25774
650 #0 - SUBJECT ADDED ENTRY--TOPICAL TERM
Topical term or geographic name entry element English language
General subdivision Spoken English.
9 (RLIN) 2429
700 1# - ADDED ENTRY--PERSONAL NAME
Personal name Iannuzzi, Susan.
9 (RLIN) 29679
700 1# - ADDED ENTRY--PERSONAL NAME
Personal name Maynard, Mary Ann.
9 (RLIN) 205154
740 0# - ADDED ENTRY--UNCONTROLLED RELATED/ANALYTICAL TITLE
Uncontrolled related/analytical title Hemispheres.
Number of part/section of a work 3 : Workbook
740 0# - ADDED ENTRY--UNCONTROLLED RELATED/ANALYTICAL TITLE
Uncontrolled related/analytical title Hemispheres.
Number of part/section of a work 3: Teacher's Manual
920 ## - Programme
Programme TCHT : 660850, 660854, 660858, CD404
Holdings
Withdrawn status Lost status Source of classification or shelving scheme Damaged status Not for loan Home library Current library Date acquired Total Checkouts Barcode Date last seen Date last checked out Copy number Koha item type Public note Serial Enumeration / chronology Uniform Resource Identifier
    Dewey Decimal Classification     Taylor's Library-TU Taylor's Library-TU 26/06/2008 2 1000810611 05/12/2019 24/03/2011 1 Accompanying Material (Media Resource) SHTEx,30004,01,GR    
Withdrawn   Dewey Decimal Classification     Taylor's Library-TU Taylor's Library-TU 26/06/2008 1 5000043530 05/12/2019 28/01/2010 1 Teaching Resource SHTEx,30004,01,GR Teacher's Manual 3  
    Dewey Decimal Classification     Taylor's Library-TU Taylor's Library-TU 26/06/2008 1 5000031126 05/12/2019 28/04/2015 1 Main Collection SHTEx,30004,01,GR Workbook 4 Floor 4, Shelf 14 , Side 1, TierNo 3, BayNo 1
Withdrawn   Dewey Decimal Classification     Taylor's Library-TU Taylor's Library-TU 26/06/2008 3 5000031125 05/12/2019 28/04/2015 1 Main Collection SHTEx,30004,01,GR Student Book 3 Floor 4, Shelf 14 , Side 1, TierNo 3, BayNo 1